000 00691nam a22002057a 4500
003 OSt
005 20260313005621.0
008 260313b |||||||| |||| 00| 0 eng d
020 _a971-23-2464-8.
040 _aDWCL Main lib
_cOC
082 _2New ed.
_aFil. 370.15 Ed21 1998
100 _aGines, Adelaida C.
245 _aEduational psycology :
_ba textbook for college students in psychology and teacher education
_cAdelaida C. Gines
250 _aNew ed.
260 _aManila :
_bRex Book Store,
_cc1998.
300 _axii, 361 p. ;
_c22 cm.
504 _aIncludes bibliographical references.
650 _aEducational psychology-Textbook.
942 _2ddc
_cBK - FIL
_eNew ed.
_kFil.
_n0
999 _c9073
_d9073